Family and mobility among Greek-Americans

Saved in:
Bibliographic Details
Main Author: Tavuchis, Nicholas, 1934-
Format: Book
Language:English
Published: Athens : National Centre of Social Research, 1972.
Subjects:
Tags: Add Tag
No Tags, Be the first to tag this record!

MARC

LEADER 00000cam a2200000 i 4500
001 1/103536
008 950516s1972 gr | ||| |||| ||eng||
035 |l 10012929 
040 |a GR-MY-UA  |b gre  |e aacr 
041 0 |a eng 
082 7 |a 304.8730495   |2 (22) 
100 1 |a Tavuchis, Nicholas,   |d 1934- 
245 1 0 |a Family and mobility among Greek-Americans /   |c Nicholas Tavuchis.  
260 |a Athens :   |b National Centre of Social Research,   |c 1972.  
300 |a 191 σ. ;   |c 24 εκ.  
650 0 0 |a Greeks  |z United States. 
650 0 0 |a Family  |z United States. 
650 0 0 |a Social mobility  |z United States. 
852 |a INST  |b LESVOS  |e 19950516  |h 304.8730495 TAV  |p 005100000728  |q 005100000728  |t BK  |y 0 
852 |a INST  |b RHODES  |e 20000424  |h 304.8730495 TAV  |p 005400013531  |q 005400013531  |t BK  |y 0 
901 |a BIBL4-2000-1 
909 |a Λ  |b 010909 
909 |a Ρ  |b 073754 
922 |a 4ΕΛΗ  |b 200004  |c ΔΩΡΕΑ 
970 |z 1995/05